<?xml version="1.0" encoding="UTF-8"?>
<record
    xmlns:xsi="http://www.w3.org/2001/XMLSchema-instance"
    xsi:schemaLocation="http://www.loc.gov/MARC21/slim http://www.loc.gov/standards/marcxml/schema/MARC21slim.xsd"
    xmlns="http://www.loc.gov/MARC21/slim">

  <leader>01402nam a22002897a 4500</leader>
  <controlfield tag="005">20121112114056.0</controlfield>
  <controlfield tag="008">101019t        xxu||||| |||| 00| 0 hin d</controlfield>
  <datafield tag="010" ind1=" " ind2=" ">
    <subfield code="a">HIN-97954</subfield>
  </datafield>
  <datafield tag="020" ind1=" " ind2=" ">
    <subfield code="c">200.00</subfield>
    <subfield code="a">9788179755235</subfield>
  </datafield>
  <datafield tag="035" ind1=" " ind2=" ">
    <subfield code="a">HN-70300</subfield>
  </datafield>
  <datafield tag="037" ind1=" " ind2=" ">
    <subfield code="b">DBAD / PUB</subfield>
  </datafield>
  <datafield tag="040" ind1=" " ind2=" ">
    <subfield code="a">DPL</subfield>
    <subfield code="b">HN</subfield>
  </datafield>
  <datafield tag="082" ind1=" " ind2=" ">
    <subfield code="a">370</subfield>
  </datafield>
  <datafield tag="100" ind1=" " ind2=" ">
    <subfield code="9">23632</subfield>
    <subfield code="a">&#x932;&#x93F;&#x935;&#x93F;&#x902;&#x917;&#x94D;&#x938;&#x94D;&#x91F;&#x928;,&#x930;&#x93F;&#x91A;&#x930;&#x94D;&#x921;</subfield>
  </datafield>
  <datafield tag="245" ind1=" " ind2=" ">
    <subfield code="a">&#x936;&#x93F;&#x915;&#x94D;&#x937;&#x93E; &#x915;&#x940; &#x915;&#x941;&#x91B; &#x938;&#x92E;&#x938;&#x94D;&#x92F;&#x93E;&#x90F;&#x902;/</subfield>
    <subfield code="c">&#x930;&#x93F;&#x91A;&#x930;&#x94D;&#x921; &#x932;&#x93F;&#x935;&#x93F;&#x902;&#x917;&#x94D;&#x938;&#x94D;&#x91F;&#x928; ; &#x930;&#x93E;&#x92E;&#x92A;&#x94D;&#x930;&#x938;&#x93E;&#x926; '&#x92A;&#x94D;&#x930;&#x938;&#x93E;&#x926;' &#x926;&#x94D;&#x935;&#x93E;&#x930;&#x93E; &#x905;&#x928;&#x941;&#x935;&#x93E;&#x926;&#x93F;&#x924;</subfield>
  </datafield>
  <datafield tag="260" ind1=" " ind2=" ">
    <subfield code="a">&#x928;&#x908; &#x926;&#x93F;&#x932;&#x94D;&#x932;&#x940;</subfield>
    <subfield code="b">&#x905;&#x928;&#x93E;&#x92E;&#x93F;&#x915;&#x93E; &#x92A;&#x92C;&#x94D;&#x932;&#x93F;&#x936;&#x930;&#x94D;&#x938;</subfield>
    <subfield code="c">2012</subfield>
  </datafield>
  <datafield tag="270" ind1=" " ind2=" ">
    <subfield code="b">&#x928;&#x908; &#x926;&#x93F;&#x932;&#x94D;&#x932;&#x940;</subfield>
    <subfield code="a">4697/3, 21&#x90F; ,&#x905;&#x902;&#x938;&#x93E;&#x930;&#x940; &#x930;&#x94B;&#x921;&#x93C; &#x926;&#x930;&#x93F;&#x92F;&#x93E;&#x917;&#x902;&#x91C;</subfield>
    <subfield code="e">110002</subfield>
    <subfield code="k">23281655, 23270239</subfield>
    <subfield code="m">anamikapublishersyahoo.co.in</subfield>
  </datafield>
  <datafield tag="300" ind1="1" ind2=" ">
    <subfield code="a">94&#x92A;&#x943;.</subfield>
    <subfield code="c">21&#x938;&#x947;&#x92E;&#x940; (&#x938;&#x91C;&#x93F;&#x932;&#x94D;&#x926;)</subfield>
  </datafield>
  <datafield tag="650" ind1=" " ind2=" ">
    <subfield code="9">657</subfield>
  </datafield>
  <datafield tag="650" ind1=" " ind2=" ">
    <subfield code="9">698</subfield>
  </datafield>
  <datafield tag="700" ind1=" " ind2=" ">
    <subfield code="9">48760</subfield>
    <subfield code="a">&#x930;&#x93E;&#x92E;&#x92A;&#x94D;&#x930;&#x938;&#x93E;&#x926; '&#x92A;&#x94D;&#x930;&#x938;&#x93E;&#x926;</subfield>
  </datafield>
  <datafield tag="700" ind1=" " ind2=" ">
    <subfield code="9">53579</subfield>
    <subfield code="a">&#x92E;&#x93E;&#x925;&#x941;&#x930;,&#x938;&#x941;&#x930;&#x947;&#x936;&#x91A;&#x902;&#x926;&#x94D;&#x930;</subfield>
  </datafield>
  <datafield tag="710" ind1=" " ind2=" ">
    <subfield code="9">34811</subfield>
  </datafield>
  <datafield tag="710" ind1=" " ind2=" ">
    <subfield code="9">35049</subfield>
  </datafield>
  <datafield tag="942" ind1=" " ind2=" ">
    <subfield code="2">ddc</subfield>
    <subfield code="c">HN</subfield>
    <subfield code="m">&#x932;&#x93F;&#x935;&#x93F;&#x902;&#x917;&#x94D;&#x938;&#x94D;</subfield>
    <subfield code="h">370</subfield>
  </datafield>
  <datafield tag="999" ind1=" " ind2=" ">
    <subfield code="c">72663</subfield>
    <subfield code="d">72663</subfield>
  </datafield>
  <datafield tag="952" ind1=" " ind2=" ">
    <subfield code="0">0</subfield>
    <subfield code="1">0</subfield>
    <subfield code="2">ddc</subfield>
    <subfield code="4">0</subfield>
    <subfield code="7">1</subfield>
    <subfield code="8">NFIC</subfield>
    <subfield code="a">DBAD</subfield>
    <subfield code="b">DBAD</subfield>
    <subfield code="d">2013-01-07</subfield>
    <subfield code="e">DBAD/PUB</subfield>
    <subfield code="g">200.00</subfield>
    <subfield code="l">0</subfield>
    <subfield code="o">370 &#x932;&#x93F;&#x935;&#x93F;&#x902;&#x917;&#x94D;&#x938;&#x94D;</subfield>
    <subfield code="p">HN-70300</subfield>
    <subfield code="r">2013-01-07 00:00:00</subfield>
    <subfield code="t">1</subfield>
    <subfield code="v">200.00</subfield>
    <subfield code="w">2013-01-07</subfield>
    <subfield code="y">HN</subfield>
  </datafield>
</record>
